| 000 | 00436cam a2200181ua 4500 | ||
|---|---|---|---|
| 020 | _c3.50 | ||
| 041 |
_ahin _h |
||
| 082 |
_a891.54 _bBHA/EK |
||
| 100 | _aBhagavatiprasad vajipayi, . | ||
| 245 |
_aE K Prashne / _cBhagavatiprasad vajpayi. _hTextual Documents |
||
| 250 |
_a1 / _b. |
||
| 260 |
_a : _bRajpal and sanch , _c1961. |
||
| 300 | _a198 ; . | ||
| 365 | _a3.50 | ||
| 504 | _a | ||
| 942 | _cBK | ||
| 999 |
_c3003 _d3003 |
||